Statistics for Departments of Guatemala

Click here to take the quiz!

General Stats

  • This quiz has been taken 53 times
  • The average score is 11 of 22

Answer Stats

Hint Answer % Correct
Guatemala
84%
Petén
71%
Huehuetenango
63%
Quetzaltenango
63%
Alta Verapaz
61%
Jalapa
58%
Baja Verapaz
58%
Jutiapa
58%
San Marcos
55%
Sololá
55%
Izabal
47%
El Progreso
45%
Santa Rosa
45%
Chimaltenango
45%
Zacapa
45%
Retalhuleu
45%
Sacatepéquez
42%
Suchitepéquez
42%
Chiquimula
39%
Totonicapán
34%
El Quiché
18%
Esquintla
0%

Score Distribution

Percentile by Number Answered

Percent of People with Each Score

Your Score History

You have not taken this quiz